[Event "Madrid-chT 2425"]
[Site "Madrid"]
[Date "2025.02.01"]
[Round "8.4"]
[White "Alarcia Astiz, Carlos"]
[Black "Martinez Conde Hernandez, Carlos"]
[Result "1/2-1/2"]
[WhiteElo "2252"]
[BlackElo "2253"]
[PlyCount "143"]
[GameId "2141328152535519"]
[EventDate "2024.11.24"]
[EventType "team-tourn"]
[EventRounds "14"]
[EventCountry "ESP"]
[SourceVersionDate "2011.03.15"]
[WhiteTeam "Blanco y Negro"]
[BlackTeam "Villalba 64"]
[WhiteTeamCountry "ESP"]
[BlackTeamCountry "ESP"]

1. e4 c5 2. Nf3 e6 3. d4 cxd4 4. Nxd4 Nc6 5. Nc3 Qc7 6. a3 Nf6 7. Be3 a6 8. Be2 b5 9. O-O Bb7 10. Nxc6 dxc6 11. f4 Be7 12. e5 Rd8 13. Qe1 Nd7 14. Ne4 c5 15. Bf3 O-O 16. Rd1 Nb6 17. Qa5 Bd5 18. b3 Qc6 19. Nc3 Bxf3 20. Rxf3 Rxd1+ 21. Nxd1 Nd5 22. c4 bxc4 23. bxc4 Nxe3 24. Nxe3 Rd8 25. f5 exf5 26. Nxf5 Rd1+ 27. Rf1 Rxf1+ 28. Kxf1 Bf8 29. Qc3 Qe4 30. Ne3 h5 31. Nd5 h4 32. h3 Kh8 33. Kg1 Kh7 34. Kf2 Kg6 35. Nc7 a5 36. Nb5 Be7 37. Nd6 Bxd6 38. exd6 Qf4+ 39. Ke2 Qxd6 40. Qxa5 Qe5+ 41. Kf1 Qf4+ 42. Kg1 Qxc4 43. Qd2 f6 44. Kh1 Qe4 45. a4 c4 46. Kg1 Qb1+ 47. Kf2 Qf5+ 48. Kg1 Qc5+ 49. Qf2 Qb4 50. a5 c3 51. Qc2+ Kh6 52. a6 Qd4+ 53. Kf1 Qf4+ 54. Ke2 Qc4+ 55. Kf2 Qc5+ 56. Kf1 Qb5+ 57. Ke1 Qxa6 58. Qxc3 f5 59. Kf2 Qb6+ 60. Kf1 f4 61. Qc8 Qf6 62. Qh8+ Kg5 63. Qc8 Qa1+ 64. Kf2 Qd4+ 65. Kf1 Qd1+ 66. Kf2 Qd2+ 67. Kf1 Qd1+ 68. Kf2 Qd4+ 69. Kf1 f3 70. gxf3 Qd1+ 71. Kf2 Qd2+ 72. Kf1 1/2-1/2

[Event "Madrid-chT 2425"]
[Site "Madrid"]
[Date "2025.02.01"]
[Round "8.5"]
[White "Lopez del Alamo, Antonio"]
[Black "Renteria Becerra, Jorge Elicer"]
[Result "1/2-1/2"]
[WhiteElo "2148"]
[BlackElo "2199"]
[PlyCount "45"]
[GameId "2141333355229676"]
[EventDate "2024.11.24"]
[EventType "team-tourn"]
[EventRounds "14"]
[EventCountry "ESP"]
[SourceVersionDate "2011.03.15"]
[WhiteTeam "Villalba 64"]
[BlackTeam "Blanco y Negro"]
[WhiteTeamCountry "ESP"]
[BlackTeamCountry "ESP"]

1. e4 c5 2. Nf3 d6 3. d4 cxd4 4. Nxd4 Nf6 5. Nc3 a6 6. Nb3 g6 7. Be2 Bg7 8. O-O O-O 9. Bg5 Nc6 10. f4 Be6 11. Bf3 a5 12. g4 Re8 13. Nd5 Nb4 14. c3 Nbxd5 15. exd5 Bd7 16. Nd4 Qb6 17. Qd2 Qc5 18. Kh1 Rac8 19. Nc2 h6 20. Bh4 Qc4 21. Ne3 Qc7 22. Bf2 h5 23. Qd3 1/2-1/2

[Event "Madrid-chT 2425"]
[Site "Madrid"]
[Date "2025.02.01"]
[Round "8.6"]
[White "Barroso Barroso, Jorge"]
[Black "Pascual Palomo, Lucia"]
[Result "0-1"]
[WhiteElo "1963"]
[BlackElo "2093"]
[PlyCount "144"]
[GameId "2141335182479859"]
[EventDate "2024.11.24"]
[EventType "team-tourn"]
[EventRounds "14"]
[EventCountry "ESP"]
[SourceVersionDate "2011.03.15"]
[WhiteTeam "Blanco y Negro"]
[BlackTeam "Villalba 64"]
[WhiteTeamCountry "ESP"]
[BlackTeamCountry "ESP"]

1. e4 e6 2. d4 d5 3. exd5 exd5 4. Bd3 Nc6 5. Ne2 Bd6 6. Nbc3 Nge7 7. Bg5 f6 8. Bf4 Be6 9. Bxd6 Qxd6 10. Nb5 Qd7 11. Qd2 O-O-O 12. O-O-O g5 13. f3 Nf5 14. c3 Nh4 15. Ng3 Kb8 16. Na3 h6 17. Rhg1 Ne7 18. Rde1 Neg6 19. Nh5 Qf7 20. Qf2 Bf5 21. Bxf5 Nxf5 22. g4 Nd6 23. Re3 Rhf8 24. Rge1 f5 25. Qc2 fxg4 26. fxg4 Ne4 27. Ng3 Nxg3 28. hxg3 Rde8 29. Qe2 Rxe3 30. Qxe3 a6 31. Nc2 Ka7 32. b3 Qf3 33. Qe6 Rf6 34. Qd7 Qxc3 35. Qxd5 Rc6 36. Qe4 Qa1+ 37. Kd2 Qxa2 38. d5 Rb6 39. Re3 Qa5+ 40. b4 Qb5 41. Qd4 Qf1 42. Re6 Qg2+ 43. Kc1 Nf8 44. Re8 Nd7 45. Re7 Nf6 46. Re6 Qxd5 47. Rxb6 Qxd4 48. Rxb7+ Kxb7 49. Nxd4 Nxg4 50. Kd2 Kb6 51. Ke2 Nf6 52. Kd3 h5 53. Nf3 g4 54. Nd4 Nd5 55. Kc4 Ne3+ 56. Kb3 Nf1 57. Nf5 Nxg3 58. Nxg3 h4 59. Nf5 h3 60. Kc4 h2 61. Ng3 Kc6 62. Nh1 Kd6 63. Kd4 c5+ 64. bxc5+ Kc6 65. Ng3 a5 66. Kc4 a4 67. Kb4 a3 68. Kxa3 Kxc5 69. Kb3 Kd4 70. Kc2 Ke5 71. Kd2 Kf4 72. Nh1 Kf3 0-1

[Event "Madrid-chT 2425"]
[Site "Madrid"]
[Date "2025.02.01"]
[Round "8.1"]
[White "Elissalt Cardenas, Hector"]
[Black "Candela Perez, Jose"]
[Result "1/2-1/2"]
[WhiteElo "2310"]
[BlackElo "2292"]
[PlyCount "138"]
[GameId "2141706698594271"]
[EventDate "2024.11.24"]
[EventType "team-tourn"]
[EventRounds "14"]
[EventCountry "ESP"]
[SourceVersionDate "2011.03.15"]
[WhiteTeam "Tajamar"]
[BlackTeam "Alcala de Henares"]
[WhiteTeamCountry "ESP"]
[BlackTeamCountry "ESP"]

1. Nf3 d5 2. e3 Nf6 3. c4 c6 4. Qc2 g6 5. b3 Bf5 6. d3 Bg7 7. Bb2 O-O 8. Nbd2 a5 9. a3 Na6 10. Be2 Rc8 11. O-O Nc5 12. Rfd1 Bg4 13. h3 Bxf3 14. Nxf3 e6 15. b4 axb4 16. axb4 Na6 17. Bc3 Qe7 18. Ra4 Nd7 19. Bxg7 Kxg7 20. b5 cxb5 21. Qb2+ Kg8 22. cxb5 Nac5 23. Ra7 Nb6 24. Rda1 Rc7 25. h4 f6 26. g3 Rfc8 27. Qb4 Kf7 28. Bf1 Qd6 29. e4 Nxe4 30. Qe1 Nc3 31. d4 Qd7 32. h5 Nxb5 33. Bxb5 Qxb5 34. hxg6+ hxg6 35. Kg2 Qd7 36. Qe3 Rh8 37. Qf4 Kg7 38. Rb1 Nc8 39. Qxc7 Qxc7 40. Rbxb7 Qxb7 41. Rxb7+ Kh6 42. Rf7 f5 43. Ne5 Re8 44. Rf6 Nd6 45. Rxg6+ Kh7 46. Kf3 Nc4 47. Rf6 Kg7 48. Rf7+ Kg8 49. Nxc4 dxc4 50. Rc7 Rd8 51. Rxc4 Kf7 52. Ke3 Kf6 53. Rc6 Rd7 54. f3 Rd8 55. g4 fxg4 56. fxg4 Kf7 57. g5 Rg8 58. Rc5 Rh8 59. Kf4 Rh4+ 60. Ke5 Rg4 61. Rc7+ Kf8 62. Rd7 Rxg5+ 63. Kxe6 Ke8 64. Ra7 Rg6+ 65. Kd5 Kd8 66. Kc5 Rh6 67. d5 Kc8 68. Re7 Kd8 69. Re6 Rxe6 1/2-1/2

[Event "Madrid-chT 2425"]
[Site "Madrid"]
[Date "2025.02.01"]
[Round "8.2"]
[White "Moreno Ibanez, Miguel"]
[Black "Abbasifar, Hasan"]
[Result "1-0"]
[WhiteElo "2167"]
[BlackElo "2308"]
[PlyCount "51"]
[GameId "2141711108818921"]
[EventDate "2024.11.24"]
[EventType "team-tourn"]
[EventRounds "14"]
[EventCountry "ESP"]
[SourceVersionDate "2011.03.15"]
[WhiteTeam "Alcala de Henares"]
[BlackTeam "Tajamar"]
[WhiteTeamCountry "ESP"]
[BlackTeamCountry "ESP"]

1. e4 e5 2. Nc3 Nf6 3. g3 Nc6 4. Bg2 Bc5 5. Nge2 d6 6. d3 O-O 7. O-O a6 8. h3 Be6 9. Nd5 h6 10. Nxf6+ Qxf6 11. Kh2 Qe7 12. c3 Bb6 13. f4 f5 14. exf5 Bxf5 15. g4 Bd7 16. f5 Nd8 17. Ng3 Bc6 18. Nh5 Bxg2 19. Kxg2 Qh4 20. Bd2 Nc6 21. f6 gxf6 22. Ng3 f5 23. Nxf5 Qd8 24. Bxh6 Rf7 25. Qd2 d5 26. Bg5 1-0

[Event "Madrid-chT 2425"]
[Site "Madrid"]
[Date "2025.02.01"]
[Round "8.3"]
[White "Mkrtchyan, Levon"]
[Black "Palenciano Escolar, Adrian"]
[Result "1-0"]
[WhiteElo "2265"]
[BlackElo "2146"]
[PlyCount "75"]
[GameId "2141712613820400"]
[EventDate "2024.11.24"]
[EventType "team-tourn"]
[EventRounds "14"]
[EventCountry "ESP"]
[SourceVersionDate "2011.03.15"]
[WhiteTeam "Tajamar"]
[BlackTeam "Alcala de Henares"]
[WhiteTeamCountry "ESP"]
[BlackTeamCountry "ESP"]

1. e4 c5 2. Nf3 d6 3. d4 cxd4 4. Nxd4 Nf6 5. Nc3 a6 6. Bg5 e6 7. f4 Qc7 8. Bxf6 gxf6 9. Qf3 b5 10. a3 Bb7 11. O-O-O h5 12. Kb1 Nd7 13. f5 e5 14. Nb3 Rc8 15. Be2 Nb6 16. Rd3 h4 17. Qg4 Na4 18. Rhd1 d5 19. exd5 Bxa3 20. d6 Bxd6 21. Nxa4 Qxc2+ 22. Ka2 bxa4 23. Na1 Qxd3 24. Rxd3 Ke7 25. Bf3 Bxf3 26. gxf3 a3 27. bxa3 Rhg8 28. Qh3 Rg1 29. Kb2 e4 30. Rxd6 Kxd6 31. fxe4 Ke5 32. Nc2 Rb8+ 33. Nb4 Rbg8 34. Qxh4 R1g4 35. Nc6+ Kxe4 36. Qxf6 Rg2+ 37. Kb3 Rxh2 38. Qe5+ 1-0

[Event "Madrid-chT 2425"]
[Site "Madrid"]
[Date "2025.02.01"]
[Round "8.4"]
[White "Nunez Miranda, Adrian"]
[Black "Rodriguez Avila, Alvaro"]
[Result "1-0"]
[WhiteElo "2119"]
[BlackElo "2260"]
[PlyCount "59"]
[GameId "2141714727118839"]
[EventDate "2024.11.24"]
[EventType "team-tourn"]
[EventRounds "14"]
[EventCountry "ESP"]
[SourceVersionDate "2011.03.15"]
[WhiteTeam "Alcala de Henares"]
[BlackTeam "Tajamar"]
[WhiteTeamCountry "ESP"]
[BlackTeamCountry "ESP"]

1. e4 c5 2. Ne2 Nc6 3. Nbc3 Nf6 4. g3 e6 5. Bg2 Be7 6. O-O O-O 7. d4 cxd4 8. Nxd4 d5 9. exd5 exd5 10. h3 Be6 11. Re1 Nxd4 12. Qxd4 Qd7 13. Bf4 Rfe8 14. Rad1 Rad8 15. g4 b6 16. Be5 h6 17. Rd3 Qc8 18. Qa4 a6 19. Qf4 b5 20. Red1 b4 21. Bxf6 Bxf6 22. Nxd5 Bxd5 23. Bxd5 Qxc2 24. Bxf7+ Kh8 25. Rxd8 Rxd8 26. Rxd8+ Bxd8 27. Bb3 Qc7 28. Qf8+ Kh7 29. Bg8+ Kg6 30. Qf5# 1-0

[Event "Madrid-chT 2425"]
[Site "Madrid"]
[Date "2025.02.01"]
[Round "8.5"]
[White "Rodriguez Lopez, David"]
[Black "Yanez Rodriguez, Wilbert"]
[Result "1/2-1/2"]
[WhiteElo "2179"]
[BlackElo "2103"]
[PlyCount "39"]
[GameId "2141716030371838"]
[EventDate "2024.11.24"]
[EventType "team-tourn"]
[EventRounds "14"]
[EventCountry "ESP"]
[SourceVersionDate "2011.03.15"]
[WhiteTeam "Tajamar"]
[BlackTeam "Alcala de Henares"]
[WhiteTeamCountry "ESP"]
[BlackTeamCountry "ESP"]

1. e4 c5 2. c3 Nf6 3. e5 Nd5 4. d4 cxd4 5. Nf3 Nc6 6. cxd4 g6 7. Bc4 Nb6 8. Bb3 Bg7 9. Qe2 d6 10. O-O O-O 11. h3 dxe5 12. dxe5 Nd4 13. Nxd4 Qxd4 14. Re1 Be6 15. Nd2 Bxb3 16. Nxb3 Qc4 17. Qf3 Qd5 18. Qe2 Qc4 19. Qf3 Qd5 20. Qe2 1/2-1/2

[Event "Madrid-chT 2425"]
[Site "Madrid"]
[Date "2025.02.01"]
[Round "8.6"]
[White "Candela Martin, Alvaro"]
[Black "Lazaro Azcutia, Miguel"]
[Result "0-1"]
[WhiteElo "2015"]
[BlackElo "2214"]
[PlyCount "122"]
[GameId "2141717029537797"]
[EventDate "2024.11.24"]
[EventType "team-tourn"]
[EventRounds "14"]
[EventCountry "ESP"]
[SourceVersionDate "2011.03.15"]
[WhiteTeam "Alcala de Henares"]
[BlackTeam "Tajamar"]
[WhiteTeamCountry "ESP"]
[BlackTeamCountry "ESP"]

1. e4 e5 2. Nf3 Nc6 3. Bc4 Bc5 4. c3 Nf6 5. d3 d6 6. h3 a5 7. a4 Be6 8. Bb5 O-O 9. Bxc6 bxc6 10. Be3 Bxe3 11. fxe3 Qb8 12. Qc1 Qb6 13. O-O Rab8 14. Rf2 Nd7 15. d4 f6 16. Na3 Bb3 17. Nc2 c5 18. Nce1 Qc6 19. d5 Qa6 20. Nd2 c4 21. Nxb3 Rxb3 22. Qd1 Rfb8 23. Qg4 Qc8 24. Qe2 Rxb2 25. Qxc4 Rb1 26. Rfa2 Nc5 27. Kh2 Qa6 28. Qxa6 Nxa6 29. Nd3 Rxa1 30. Rxa1 Rb3 31. Rc1 Ra3 32. Kg3 Rxa4 33. Kf3 f5 34. c4 Ra3 35. Nf2 f4 36. Nd1 a4 37. Rb1 fxe3 38. Nxe3 Rb3 39. Rxb3 axb3 40. Nd1 Nc5 41. Ke3 Kf7 42. Nc3 b2 43. Nb1 Kf6 44. Nc3 Kg6 45. g3 Kh5 46. Nb1 Kh6 47. Nc3 Kg6 48. Nb1 Kg5 49. Nc3 h5 50. Nb1 h4 51. g4 Kg6 52. Nc3 Kf7 53. Nb1 g5 54. Nc3 Ke8 55. Nb1 Kd8 56. Nc3 Kc8 57. Nb1 Kb7 58. Kd2 Nxe4+ 59. Ke3 Nf6 60. Nc3 Ka6 61. Kd3 Nxg4 0-1

[Event "Madrid-chT 2425"]
[Site "Madrid"]
[Date "2025.02.02"]
[Round "8.1"]
[White "Blanco Diez, David"]
[Black "Almeida Quintana, Omar"]
[Result "0-1"]
[WhiteElo "2290"]
[BlackElo "2486"]
[PlyCount "88"]
[GameId "2154865535198051"]
[EventDate "2024.11.24"]
[EventType "team-tourn"]
[EventRounds "14"]
[EventCountry "ESP"]
[SourceVersionDate "2011.03.15"]
[WhiteTeam "Jaque Mate"]
[BlackTeam "Collado Villalba"]
[WhiteTeamCountry "ESP"]
[BlackTeamCountry "ESP"]

1. d4 g6 2. c4 Bg7 3. Nc3 c5 4. d5 Bxc3+ 5. bxc3 f5 6. e4 fxe4 7. f3 e5 8. Nh3 d6 9. Nf2 e3 10. Bxe3 Nf6 11. Bd3 Bf5 12. O-O O-O 13. Bh6 Rf7 14. g4 Bxd3 15. Qxd3 Nbd7 16. h3 e4 17. Nxe4 Ne5 18. Qe2 Nxe4 19. fxe4 Qh4 20. Rxf7 Nxf7 21. Bf4 Qxh3 22. e5 Nxe5 23. Bxe5 Re8 24. Rf1 Rxe5 25. Qf3 Qxf3 26. Rxf3 Kg7 27. Kf2 h6 28. Rf4 b6 29. a3 Re7 30. Kg2 Re2+ 31. Kf3 Rc2 32. Re4 Rxc3+ 33. Ke2 Rxa3 34. Re7+ Kf6 35. Re6+ Kg5 36. Kd2 Rg3 37. Rxd6 Rxg4 38. Kc3 h5 39. Rd7 a6 40. Rb7 h4 41. Rxb6 h3 42. Rb1 Rd4 43. Rg1+ Kh5 44. Rg3 h2 0-1

[Event "Madrid-chT 2425"]
[Site "Madrid"]
[Date "2025.02.02"]
[Round "8.2"]
[White "Pulvett Marin, Daniel Eduardo"]
[Black "Lopez Mijail, Nicolas"]
[Result "1-0"]
[WhiteElo "2467"]
[BlackElo "2264"]
[PlyCount "59"]
[GameId "2141856857415722"]
[EventDate "2024.11.24"]
[EventType "team-tourn"]
[EventRounds "14"]
[EventCountry "ESP"]
[SourceVersionDate "2011.03.15"]
[WhiteTeam "Collado Villalba"]
[BlackTeam "Jaque Mate"]
[WhiteTeamCountry "ESP"]
[BlackTeamCountry "ESP"]

1. d4 Nf6 2. c4 e6 3. Nf3 b6 4. g3 Bb7 5. Bg2 Bb4+ 6. Bd2 a5 7. O-O O-O 8. Bf4 Be7 9. Nc3 Ne4 10. Qc2 Nxc3 11. bxc3 f5 12. d5 Na6 13. Nd4 Nc5 14. Rad1 Qc8 15. Rfe1 d6 16. e4 Bf6 17. Nxe6 Nxe6 18. dxe6 Qxe6 19. exf5 Qc8 20. Bd5+ Kh8 21. Re6 a4 22. g4 h6 23. Qd3 Ra5 24. Qh3 Bxd5 25. cxd5 Kg8 26. Bxh6 Rc5 27. Be3 Rxc3 28. Qh5 Be5 29. g5 Rc4 30. g6 1-0

[Event "Madrid-chT 2425"]
[Site "Madrid"]
[Date "2025.02.02"]
[Round "8.3"]
[White "Torres Rebolledo, Alvaro"]
[Black "Ruiz Buendia, Miguel"]
[Result "1/2-1/2"]
[WhiteElo "2266"]
[BlackElo "2379"]
[PlyCount "128"]
[GameId "2141857635975217"]
[EventDate "2024.11.24"]
[EventType "team-tourn"]
[EventRounds "14"]
[EventCountry "ESP"]
[SourceVersionDate "2011.03.15"]
[WhiteTeam "Jaque Mate"]
[BlackTeam "Collado Villalba"]
[WhiteTeamCountry "ESP"]
[BlackTeamCountry "ESP"]

1. e4 c5 2. Nf3 d6 3. d4 cxd4 4. Nxd4 Nf6 5. Nc3 a6 6. Be3 e5 7. Nb3 Be6 8. Qd2 Be7 9. h3 Nbd7 10. O-O-O b5 11. g4 O-O 12. Kb1 b4 13. Nd5 Bxd5 14. exd5 Nb6 15. Qxb4 Nfxd5 16. Bxb6 Nxb6 17. Qe4 Re8 18. c4 Qc7 19. Bd3 g6 20. h4 a5 21. Nd2 Na4 22. Bc2 Nc5 23. Qe3 Rab8 24. h5 Bf8 25. Qc3 Bg7 26. h6 Bh8 27. Ne4 Nxe4 28. Bxe4 Rb4 29. Qd3 Rxc4 30. Rc1 Rc8 31. Rxc4 Qxc4 32. Qxc4 Rxc4 33. Bd5 Rc5 34. Rd1 Kf8 35. g5 Ke7 36. f3 f5 37. Bg8 e4 38. f4 Rb5 39. b3 a4 40. Bxh7 axb3 41. Bxg6 bxa2+ 42. Kxa2 Rb2+ 43. Ka3 Rf2 44. Bh5 Rh2 45. Bg6 e3 46. Re1 e2 47. Kb4 Rf2 48. Bh5 Rxf4+ 49. Kb3 Re4 50. Rxe2 Rxe2 51. Bxe2 Be5 52. g6 Kf8 53. Bf3 Ba1 54. Kc4 Bb2 55. Bd5 Ba1 56. Kd3 Bb2 57. Ke2 Ba1 58. Kf3 Be5 59. Be6 d5 60. Bxd5 Ba1 61. Kf4 Bb2 62. Kxf5 Bc3 63. g7+ Bxg7 64. hxg7+ Kxg7 1/2-1/2

[Event "Madrid-chT 2425"]
[Site "Madrid"]
[Date "2025.02.02"]
[Round "8.4"]
[White "Zhou Li, Lulu"]
[Black "Torres Rebolledo, Victor"]
[Result "0-1"]
[WhiteElo "2171"]
[BlackElo "2146"]
[PlyCount "94"]
[GameId "2141859769585817"]
[EventDate "2024.11.24"]
[EventType "team-tourn"]
[EventRounds "14"]
[EventCountry "ESP"]
[SourceVersionDate "2011.03.15"]
[WhiteTeam "Collado Villalba"]
[BlackTeam "Jaque Mate"]
[WhiteTeamCountry "ESP"]
[BlackTeamCountry "ESP"]

1. e4 c6 2. d4 d5 3. exd5 cxd5 4. Bd3 Nc6 5. c3 Qc7 6. h3 e6 7. Nf3 Bd6 8. O-O Nge7 9. Re1 O-O 10. Qe2 f6 11. c4 Nb4 12. c5 Nxd3 13. Qxd3 Bf4 14. Nc3 Ng6 15. h4 Bd7 16. Bd2 b6 17. b4 Bxd2 18. Qxd2 a5 19. a3 Rfb8 20. Ne2 bxc5 21. bxc5 Rb3 22. h5 Nf8 23. Nc1 Rb5 24. Nd3 Rab8 25. Qe3 h6 26. Nd2 Be8 27. g4 Bf7 28. Rac1 Qc8 29. Qg3 Qc6 30. Rc3 Nd7 31. f4 Nb6 32. g5 Kh8 33. gxf6 gxf6 34. Qh4 Nd7 35. Kh1 Rg8 36. Nf3 Rbb8 37. Nf2 e5 38. fxe5 fxe5 39. Rce3 e4 40. Ne5 Nxe5 41. dxe5 Rg5 42. Rh3 e3 43. Rexe3 d4+ 44. Re4 Rb1+ 45. Kh2 Rbg1 46. Rf3 R5g2+ 47. Kh3 Be6+ 0-1

[Event "Madrid-chT 2425"]
[Site "Madrid"]
[Date "2025.02.02"]
[Round "8.5"]
[White "Fernandez Estremera, Fernando"]
[Black "Centeno Mendoza, Julio Stefano"]
[Result "1-0"]
[WhiteElo "2139"]
[BlackElo "2133"]
[PlyCount "39"]
[GameId "2141861856080178"]
[EventDate "2024.11.24"]
[EventType "team-tourn"]
[EventRounds "14"]
[EventCountry "ESP"]
[SourceVersionDate "2011.03.15"]
[WhiteTeam "Jaque Mate"]
[BlackTeam "Collado Villalba"]
[WhiteTeamCountry "ESP"]
[BlackTeamCountry "ESP"]

1. d4 d5 2. Nc3 Nf6 3. Bg5 e6 4. e4 dxe4 5. Nxe4 Be7 6. Bxf6 Bxf6 7. Nf3 O-O 8. Qd2 b6 9. O-O-O Bb7 10. Qf4 Be7 11. Bd3 Nd7 12. h4 Nf6 13. Neg5 g6 14. h5 Bxf3 15. Nxf3 Nxh5 16. Qh6 f5 17. g4 Nf6 18. Ng5 Qxd4 19. Nxe6 Qxg4 20. Qg7# 1-0

[Event "Madrid-chT 2425"]
[Site "Madrid"]
[Date "2025.02.02"]
[Round "8.6"]
[White "Cao Armillas, Jesus"]
[Black "Serrano Ruiz, Lope"]
[Result "1/2-1/2"]
[WhiteElo "2021"]
[BlackElo "2012"]
[PlyCount "82"]
[GameId "2141862557880633"]
[EventDate "2024.11.24"]
[EventType "team-tourn"]
[EventRounds "14"]
[EventCountry "ESP"]
[SourceVersionDate "2011.03.15"]
[WhiteTeam "Collado Villalba"]
[BlackTeam "Jaque Mate"]
[WhiteTeamCountry "ESP"]
[BlackTeamCountry "ESP"]

1. d4 g6 2. c4 Bg7 3. Nf3 d6 4. g3 e5 5. Bg2 Nc6 6. dxe5 Nxe5 7. O-O c6 8. Nxe5 dxe5 9. Qxd8+ Kxd8 10. Nc3 Be6 11. b3 Nf6 12. Ba3 Kc7 13. Rfd1 Bf8 14. Bxf8 Rhxf8 15. Rac1 Rfe8 16. Nd5+ cxd5 17. cxd5+ Kb6 18. dxe6 Rxe6 19. Rc4 a5 20. Kf1 Ne8 21. e3 Rd6 22. Ke2 Rxd1 23. Kxd1 Nd6 24. Rc2 e4 25. Kc1 a4 26. bxa4 Rxa4 27. Bf1 f5 28. h4 Nf7 29. Bc4 Ne5 30. Bd5 Nd3+ 31. Kd1 Ra8 32. Ke2 Rd8 33. Bb3 Nc5 34. Rb2 Ka5 35. Bc4 Ka4 36. Rb1 Ka3 37. Rb5 Rc8 38. Kd2 Rc7 39. Ke2 Rc8 40. Kd2 Rc7 41. Ke2 Rc8 1/2-1/2

[Event "Madrid-chT 2425"]
[Site "Madrid"]
[Date "2025.02.02"]
[Round "8.1"]
[White "Plazuelo Pascual, Juan"]
[Black "San Emeterio Cabanes, Jose Luis"]
[Result "1-0"]
[WhiteElo "2443"]
[BlackElo "2300"]
[PlyCount "85"]
[GameId "2141864825949659"]
[EventDate "2024.11.24"]
[EventType "team-tourn"]
[EventRounds "14"]
[EventCountry "ESP"]
[SourceVersionDate "2011.03.15"]
[WhiteTeam "Alcorcon Diagonal"]
[BlackTeam "San Sebastian de los Reyes"]
[WhiteTeamCountry "ESP"]
[BlackTeamCountry "ESP"]

{[%evp 0,85,18,-7,17,22,44,39,35,38,26,31,24,25,37,46,48,40,40,28,33,25,28,18,21,37,22,23,44,26,29,-7,-9,51,-7,14,0,-21,-24,18,-190,10,34,-82,45,-90,17,-124,107,-96,35,-31,86,28,140,148,156,-74,245,168,206,206,301,130,109,151,101,118,127,183,145,218,241,221,221,266,235,235,227,224,332,158,392,301,273,306,143,280]} 1. d4 Nf6 2. c4 g6 3. Nc3 Bg7 4. e4 d6 5. Be2 O-O 6. Be3 a5 7. Nf3 Ng4 8. Bg5 h6 9. Bc1 e5 10. h3 Nf6 11. Be3 exd4 12. Nxd4 Re8 13. Qc2 Qe7 14. f3 c6 15. Bf2 Nh5 16. Qd2 Be5 17. O-O-O a4 18. Rhg1 a3 19. b3 Na6 20. Be3 Ng3 21. Bxh6 Nb4 22. Kb1 d5 23. Bg5 Qf8 24. Bh6 Qe7 25. Bg5 Qf8 26. Bh6 Bg7 27. Bxg7 Qxg7 28. cxd5 cxd5 29. Bb5 Rd8 30. Qg5 Be6 31. e5 Bf5+ 32. Nxf5 Nxf5 33. Rge1 Qf8 34. e6 Qc5 35. Bc4 Kg7 36. e7 Re8 37. Nxd5 Nxd5 38. Rxd5 Qb4 39. Qd2 Qb6 40. Qf4 Rxe7 41. Rxe7 Nxe7 42. Qxf7+ Kxf7 43. Rd6+ 1-0

[Event "Madrid-chT 2425"]
[Site "Madrid"]
[Date "2025.02.02"]
[Round "8.2"]
[White "Alfaya Marcelo, Roberto"]
[Black "Horcajuelo Rocamora, Martin"]
[Result "1/2-1/2"]
[WhiteElo "2225"]
[BlackElo "2367"]
[PlyCount "83"]
[GameId "2141864825953756"]
[EventDate "2024.11.24"]
[EventType "team-tourn"]
[EventRounds "14"]
[EventCountry "ESP"]
[SourceVersionDate "2011.03.15"]
[WhiteTeam "San Sebastian de los Reyes"]
[BlackTeam "Alcorcon Diagonal"]
[WhiteTeamCountry "ESP"]
[BlackTeamCountry "ESP"]

{[%evp 0,83,21,12,3,14,43,17,43,0,15,9,19,25,26,0,11,19,-54,67,-29,44,65,59,59,48,110,14,149,100,39,155,162,202,211,197,185,232,220,216,245,175,198,185,198,185,154,190,172,99,80,120,44,52,-122,21,25,-18,69,2,1,42,194,9,-120,-37,-12,0,-87,-11,-41,-109,-161,-175,1,-1,19,41,11,59,16,16,69,32,153,31]} 1. d4 d5 2. c4 e6 3. Nf3 Nf6 4. g3 Be7 5. Bg2 O-O 6. O-O dxc4 7. Qc2 b5 8. a4 b4 9. Ne5 Nd5 10. Nxc4 Ba6 11. Rd1 Qc8 12. e4 Bxc4 13. Qxc4 Nb6 14. Qe2 c5 15. d5 Qa6 16. Qxa6 Nxa6 17. a5 Nc8 18. Bf1 Nb8 19. dxe6 fxe6 20. f4 Nd6 21. e5 Nf5 22. Bg2 Na6 23. Bxa8 Rxa8 24. Kf2 c4 25. Be3 Bc5 26. Bxc5 Nxc5 27. g4 Ne7 28. a6 Nc6 29. Ke2 Nb3 30. Ra4 Nbd4+ 31. Rxd4 Nxd4+ 32. Ke3 Rd8 33. Nd2 Nc2+ 34. Ke2 Rd4 35. Nf3 Rxf4 36. h3 b3 37. Nd2 g5 38. Rxc4 Rxc4 39. Nxc4 Nb4 40. Na5 Nxa6 41. Nxb3 Nb4 42. Nd4 1/2-1/2

[Event "Madrid-chT 2425"]
[Site "Madrid"]
[Date "2025.02.02"]
[Round "8.3"]
[White "Toncheva, Nadya"]
[Black "Martinez Fernandez, Raul"]
[Result "1-0"]
[WhiteElo "2311"]
[BlackElo "2181"]
[PlyCount "169"]
[GameId "2141864825957853"]
[EventDate "2024.11.24"]
[EventType "team-tourn"]
[EventRounds "14"]
[EventCountry "ESP"]
[SourceVersionDate "2011.03.15"]
[WhiteTeam "Alcorcon Diagonal"]
[BlackTeam "San Sebastian de los Reyes"]
[WhiteTeamCountry "ESP"]
[BlackTeamCountry "ESP"]

{[%evp 0,169,15,15,-10,13,15,10,23,48,40,37,24,22,25,37,25,43,53,31,43,42,46,42,44,34,55,73,83,88,73,-45,17,41,43,42,41,24,37,13,-12,-14,-44,-16,-18,-25,-10,-26,-11,-10,-37,-37,-28,132,-29,-44,-24,207,-25,140,50,-9,97,97,100,108,116,106,108,75,108,74,99,77,96,107,238,152,168,155,153,100,117,113,147,141,125,146,142,138,132,143,126,110,152,108,139,46,139,89,148,121,23,111,55,137,144,127,70,100,109,114,125,110,89,88,222,103,122,71,50,64,88,63,71,68,82,63,62,58,80,71,48,45,66,48,63,62,50,181,60,137,57,63,63,194,69,59,94,45,51,24,26,30,19,66,86,88,175,128,86,99,126,156,158,159,130,130,180,164,166,165]} 1. d4 d5 2. c4 e6 3. Nc3 c5 4. cxd5 exd5 5. Nf3 Nc6 6. g3 Nf6 7. Bg2 Be7 8. O-O O-O 9. Bg5 cxd4 10. Nxd4 h6 11. Bf4 Be6 12. Ncb5 Qd7 13. Nc7 Rac8 14. Ncxe6 fxe6 15. Bh3 Nxd4 16. Qxd4 Rc4 17. Qd3 Ne4 18. f3 Ng5 19. Bg2 Bf6 20. Rad1 Qc6 21. b3 Rc3 22. Qg6 e5 23. Bd2 Rc2 24. h4 Nf7 25. Bh3 e4 26. Bf5 Bd4+ 27. Kh1 Qxg6 28. Bxg6 Ne5 29. Bb4 Bc5 30. Rxd5 Bxb4 31. Rxe5 Rxe2 32. Rxe4 Rxe4 33. Bxe4 Rd8 34. Kg2 Rd2+ 35. Kh3 b6 36. Rc1 Bc5 37. a4 a5 38. Bg6 Kf8 39. Re1 Be7 40. Kg4 Rd5 41. f4 Rd6 42. h5 Rd5 43. Re6 Rd6 44. Re5 Rd4 45. Be4 Rd6 46. Bb7 Kf7 47. Bd5+ Kf8 48. Bc4 Rc6 49. Re3 Rd6 50. Kf5 Rf6+ 51. Ke4 Rd6 52. g4 Rd1 53. Kf5 Rd4 54. g5 Bd6 55. Rf3 Bc7 56. Rf1 Ke7 57. gxh6 gxh6 58. Re1+ Kd8 59. Re6 Bxf4 60. Rxb6 Bd2 61. Rg6 Kc7 62. Ke5 Rh4 63. Be2 Rh3 64. Bd1 Rd3 65. Ke4 Rd6 66. Kf5 Bc1 67. Bf3 Bd2 68. Be4 Bb4 69. Rg2 Bd2 70. Re2 Kd7 71. Rg2 Kc7 72. Rg7+ Rd7 73. Rg4 Rd6 74. Bf3 Kb6 75. Ke5 Rd3 76. Rg6+ Kc7 77. Rc6+ Kd7 78. Be4 Bc3+ 79. Kf5 Bd2 80. Rxh6 Bxh6 81. Bxd3 Ke7 82. b4 axb4 83. Bc4 Bd2 84. Kg6 Ke8 85. Bf7+ 1-0